| 000 | 01179nam a2200325 i 4500 | ||
|---|---|---|---|
| 003 | DO-SdBNP | ||
| 005 | 20250925101039.0 | ||
| 007 | ta | ||
| 008 | 201120b 2000 dr a c | 0 eng d | ||
| 020 | _a9993400688 | ||
| 040 |
_aDO-SdBNP _bspa _cBNPHU _erda |
||
| 041 | _aspa | ||
| 082 | 4 |
_a972.93054 _bM385a 2000 _222 |
|
| 100 | 1 |
_aMartínez Almanzar, Juan Francisco _d1950 - _eautor _910459 |
|
| 245 | 1 | 0 |
_aAbril de 1965... : _binolvidable / _cJuan Francisco Martínez Almanzar ; prólogo, Ángel M. Hernández. |
| 250 | _a4ta edición | ||
| 264 | 4 |
_aSanto Domingo : _b9 de octubre, _c2000. |
|
| 300 |
_axx, 279 páginas : _bilustraciones, retratos ; _c23 cm. |
||
| 336 |
_atexto _btxt _2rdacontent |
||
| 337 |
_asin medición _bn _2rdamedia |
||
| 338 |
_avolumen _2rdacarrier _bnc |
||
| 500 | _aIncluye datos biográficos del autor en la contracubierta. | ||
| 504 | _aBibliografía : p. 277-278 | ||
| 590 | _aInventariado, 2020 /LP | ||
| 650 | 4 |
_aRevolución de abril _y1965 _zRepública Dominicana _979399 |
|
| 651 | 0 |
_aRepública Dominicana _978065 |
|
| 700 | 1 |
_aHernández, Ángel M., _eprólogo _910522 |
|
| 910 | _aValidado. Control de calidad/MAA | ||
| 942 |
_2ddc _cLBS1 |
||
| 999 |
_c49175 _d49175 |
||